01313nam a2200265 a 450000100100000000500170001000800410002704000250006808200150009324500550010826000340016330000280019749000320022549000690025750400410032671000510036783000390041883000760045704900090053395201280054295201280067095201130079895201190091199900170103000001689920240307073946.0100312s1986 dr a 000 0 spa d aDO-SdBNPbspacBNPHU axxxbM294p00aManual de prácticas de recursos audiovisuales /. aSanto Domingo :bUASD,c1986. a103 p. :bil. ;c28 cm.1 aCuadernos de pedagogíav41 aPublicaciones de la Universidad Autónoma de Santo Domingov526 aIncluye bibliografías [p. 101-103]1 aUniversidad Autónoma de Santo Domingo972951 0aCuadernos de pedagogían4937382 0aPublicaciones de la Universidad Autónoma de Santo Domingon526937383 aBNPD 001054708DSaGRbGRcCTd2010-03-12iLF1l0oxxx M294pp16899-30r2020-06-25te. 3w2020-06-25yLFDSZPréstamo en sala 001054708DSaGRbGRcCTd2011-04-28iLF1l0oxxx M294pp16899-40r2020-06-25te. 4w2020-06-25yLFDSZPréstamo en sala 0010718PDaPDbPDcCTd2010-03-12iLF1l0oxxx M294pp16899-10r2020-06-25w2020-06-25yLFPDZNo se presta 0010718PDaPDbPDcCTd2010-03-12iLF1l0oxxx M294pp16899-20r2020-06-25te. 2w2020-06-25yLFPDZNo se presta c16431d16431